LIBRARY & INFORMATION CENTRE, KCAET, TAVANUR

ONLINE PUBLIC ACCESS CATALOGUE (OPAC)

Industrial electronics made easy, Vol.I / (Record no. 8839)

MARC details
000 -LEADER
fixed length control field 00373cam a2200145ua 4500
003 - CONTROL NUMBER IDENTIFIER
control field OSt
008 - FIXED-LENGTH DATA ELEMENTS--GENERAL INFORMATION
fixed length control field 250104b |||||||| |||| 00| 0 eng d
041 ## - LANGUAGE CODE
Language code of text/sound track or separate title eng
082 ## - DEWEY DECIMAL CLASSIFICATION NUMBER
Classification number 621.381
Item number LAN/IN
100 ## - MAIN ENTRY--AUTHOR NAME
Personal name Lane, Leonard C .
245 ## - TITLE STATEMENT
Title Industrial electronics made easy, Vol.I /
260 ## - PUBLICATION, DISTRIBUTION, ETC. (IMPRINT)
Place of publication :
Name of publisher Water view Publishing Co ,
Year of publication 1962.
300 ## - PHYSICAL DESCRIPTION
Number of Pages 169 ; .
942 ## - ADDED ENTRY ELEMENTS (KOHA)
Koha item type Books
Holdings
Withdrawn status Lost status Damaged status Home library Current library Date acquired Full call number Accession Number Koha item type
      KAUAET KAUAET 07/04/2012 621.381 LAN/IN 12193 Books
      KAUAET KAUAET 07/04/2012 621.381 LAN/IN 12194 Books
free website counter